[Event "HUN-ch rapid"]
[Site "Ajka"]
[Date "2020.07.19"]
[Round "10"]
[White "Nemeth, Gergely"]
[Black "Horvath, Jozsef"]
[Result "0-1"]
[WhiteElo "2133"]
[BlackElo "2438"]
[PlyCount "104"]
[EventDate "2020.07.17"]
[EventType "swiss (rapid)"]
[EventRounds "13"]
[EventCountry "HUN"]
[SourceTitle "CBM 197 Extra"]
[Source "ChessBase"]
[SourceDate "2020.09.30"]
[SourceVersion "1"]
[SourceVersionDate "2020.09.30"]
[SourceQuality "1"]

1. e4 d6 2. d4 Nf6 3. Nc3 e5 4. Nf3 Nbd7 5. Bc4 exd4 6. Nxd4 Nb6 7. Be2 Be7 8. 0-0 0-0 9. Be3 Re8 10. h3 Bf8 11. Qd3 d5 12. exd5 Nfxd5 13. Nxd5 Nxd5 14. Bd2 Nb4 15. Bxb4 Bxb4 16. Rad1 Qe7 17. c3 Bd6 18. Bf3 Qe5 19. g3 Bxh3 20. Rfe1 Qxe1+ 21. Rxe1 Rxe1+ 22. Kh2 Bd7 23. b4 Rb8 24. Kg2 g6 25. Ne2 Re8 26. Qd2 Rb1 27. g4 Bb5 28. Nd4 Bf1+ 29. Kg1 Bh3+ 30. Bd1 Bxg4 31. f3 Bh3 32. Kf2 c5 33. Nb5 Be7 34. Kg3 Rd8 35. Qe2 Be6 36. Bb3 Bxb3 37. axb3 Bg5 38. bxc5 Rg1+ 39. Kh3 Rh1+ 40. Kg3 Bh4+ 41. Kg2 Rdd1 42. Qe8+ Kg7 43. Qe5+ Bf6 44. Qe3 Rhe1 45. Qf2 a6 46. Nd4 h5 47. f4 Bxd4 48. cxd4 Re4 49. f5 Rdxd4 50. f6+ Kh6 51. Qb2 h4 52. Qc1+ g5 0-1

[Event "Satu Mare Szabo Memorial"]
[Site "Satu Mare"]
[Date "2019.08.08"]
[Round "9"]
[White "Nemeth, Gergely"]
[Black "Sogor, Andras Csaba"]
[Result "1/2-1/2"]
[WhiteElo "2170"]
[BlackElo "1919"]
[PlyCount "25"]
[EventDate "2019.08.02"]
[EventType "swiss"]
[EventRounds "9"]
[EventCountry "ROU"]
[SourceTitle "CBM 191 Extra"]
[Source "ChessBase"]
[SourceDate "2019.09.30"]
[SourceVersion "1"]
[SourceVersionDate "2019.09.30"]
[SourceQuality "1"]

1. e4 c5 2. c4 Nc6 3. Nc3 d6 4. Nf3 Bg4 5. Be2 Nf6 6. d3 e6 7. 0-0 Be7 8. Ne1 Bxe2 9. Qxe2 Nd4 10. Qd1 0-0 11. Nc2 d5 12. e5 Nd7 13. f4 1/2-1/2

[Event "Satu Mare Szabo Memorial"]
[Site "Satu Mare"]
[Date "2019.08.07"]
[Round "8"]
[White "Orban, Vasile Gheorghe"]
[Black "Nemeth, Gergely"]
[Result "0-1"]
[WhiteElo "1841"]
[BlackElo "2170"]
[PlyCount "56"]
[EventDate "2019.08.02"]
[EventType "swiss"]
[EventRounds "9"]
[EventCountry "ROU"]
[SourceTitle "CBM 191 Extra"]
[Source "ChessBase"]
[SourceDate "2019.09.30"]
[SourceVersion "1"]
[SourceVersionDate "2019.09.30"]
[SourceQuality "1"]

1. d4 d5 2. Nf3 Nf6 3. c4 e6 4. Nc3 Be7 5. Bg5 h6 6. Bf4 0-0 7. e3 b6 8. Be2 Bb7 9. Qc2 c5 10. Rd1 Nbd7 11. Nb5 cxd4 12. exd4 Bb4+ 13. Kf1 Ne4 14. a3 Be7 15. Bd3 Ndf6 16. Qe2 dxc4 17. Bxc4 a6 18. Nc7 Rc8 19. Nxe6 fxe6 20. Bxe6+ Kh8 21. Bxc8 Qxc8 22. Ne5 Qf5 23. g4 Nxg4 24. Nxg4 Qxf4 25. Rg1 Bh4 26. Rg2 Nxf2 27. Rxf2 Bxf2 28. Nxf2 Qd6 0-1

[Event "Satu Mare Szabo Memorial"]
[Site "Satu Mare"]
[Date "2019.08.04"]
[Round "3"]
[White "Nemeth, Gergely"]
[Black "Revencu, Leon"]
[Result "1/2-1/2"]
[WhiteElo "2170"]
[BlackElo "1859"]
[PlyCount "112"]
[EventDate "2019.08.02"]
[EventType "swiss"]
[EventRounds "9"]
[EventCountry "ROU"]
[SourceTitle "CBM 191 Extra"]
[Source "ChessBase"]
[SourceDate "2019.09.30"]
[SourceVersion "1"]
[SourceVersionDate "2019.09.30"]
[SourceQuality "1"]

1. e4 c5 2. Nf3 e6 3. d4 cxd4 4. Nxd4 a6 5. Be2 Qc7 6. 0-0 Nc6 7. c4 Nf6 8. Nxc6 bxc6 9. Qc2 e5 10. c5 Be7 11. Be3 0-0 12. Nd2 a5 13. f3 Ba6 14. Nc4 Bxc4 15. Bxc4 a4 16. b4 axb3 17. axb3 d5 18. cxd6 Bxd6 19. Qc3 Rfb8 20. Qd2 Bb4 21. Qb2 Qe7 22. Rxa8 Rxa8 23. Ra1 Rxa1+ 24. Qxa1 Bc5 25. Qa8+ Qf8 26. Qxf8+ Bxf8 27. Kf2 Bb4 28. Ke2 Kf8 29. Kd3 Ne8 30. g3 Ke7 31. Bd2 Bxd2 32. Kxd2 Nd6 33. Kc3 c5 34. Bd5 g6 35. b4 cxb4+ 36. Kxb4 f5 37. Kc5 fxe4 38. Bxe4 Ne8 39. Kd5 Kf6 40. Bd3 Nc7+ 41. Kd6 Ne6 42. Be4 Nd4 43. Kd7 g5 44. g4 h6 45. Ke8 Ne6 46. Kd7 Nf4 47. Kd6 Ne2 48. Kd7 Nf4 49. Ke8 Ne6 50. Bb7 h5 51. gxh5 Ng7+ 52. Kf8 Nxh5 53. Be4 Nf4 54. Kg8 Nh3 55. Kh7 Nf4 56. Kh6 Nh3 1/2-1/2

[Event "HUN-chT2 Charousek 1819"]
[Site "Hungary"]
[Date "2019.03.31"]
[Round "10.6"]
[White "Nemeth, Gergely"]
[Black "Kozma, Karoly"]
[Result "1-0"]
[WhiteElo "2097"]
[BlackElo "2285"]
[PlyCount "93"]
[EventDate "2018.09.23"]
[EventType "team-tourn"]
[EventRounds "11"]
[EventCountry "HUN"]
[SourceTitle "EXT 2021"]
[Source "ChessBase"]
[SourceDate "2020.10.23"]
[SourceVersion "1"]
[SourceVersionDate "2020.10.23"]
[SourceQuality "1"]
[WhiteTeam "Paks ASE II"]
[BlackTeam "Ajka Banyasz"]
[WhiteTeamCountry "HUN"]
[BlackTeamCountry "HUN"]

1. e4 c5 2. Nf3 e6 3. c4 Nc6 4. Nc3 Nf6 5. d3 Be7 6. Be2 0-0 7. 0-0 d5 8. h3 d4 9. Nb1 e5 10. Nh2 Be6 11. f4 exf4 12. Bxf4 Bd6 13. Nd2 Bxf4 14. Rxf4 Nd7 15. a3 Qg5 16. Rf2 Bxh3 17. Ndf3 Qg6 18. Qd2 Nde5 19. Qf4 Nxf3+ 20. Nxf3 Be6 21. Nh4 Qh6 22. Qxh6 gxh6 23. Nf5 Bxf5 24. Rxf5 b6 25. Rf6 Ne5 26. b4 Kg7 27. Rd6 Rfd8 28. Rxd8 Rxd8 29. bxc5 bxc5 30. Rb1 Rd6 31. Rb5 Rc6 32. Kf2 Kf6 33. a4 Ke6 34. a5 Kd6 35. Kg3 Ra6 36. Kf4 Nc6 37. Kf5 Rxa5 38. e5+ Ke7 39. Rb7+ Kf8 40. Bh5 Nd8 41. Rd7 Ke8 42. e6 Ra2 43. exf7+ Nxf7 44. Rxf7 a5 45. Ke6 Kd8 46. Kd6 Kc8 47. Bf3 1-0

[Event "Budapest Karacsonyi op 10th"]
[Site "Budapest"]
[Date "2018.12.27"]
[Round "1"]
[White "Nemeth, Gergely"]
[Black "Krizsany, Laszlo Sr"]
[Result "1/2-1/2"]
[WhiteElo "2121"]
[BlackElo "1827"]
[PlyCount "134"]
[EventDate "2018.12.27"]
[EventType "swiss"]
[EventRounds "7"]
[EventCountry "HUN"]
[SourceTitle "CBM 188 Extra"]
[Source "ChessBase"]
[SourceDate "2019.02.26"]
[SourceVersion "1"]
[SourceVersionDate "2019.02.26"]
[SourceQuality "1"]

1. e4 c6 2. d4 d5 3. Nc3 dxe4 4. Nxe4 Nf6 5. Ng3 e6 6. Nf3 Bd6 7. Bd3 b6 8. 0-0 Bb7 9. Ne5 Qc7 10. Nh5 Nxh5 11. Qxh5 Bxe5 12. dxe5 Nd7 13. f4 g6 14. Qe2 Nc5 15. Bc4 b5 16. b4 Nd7 17. Bb3 a6 18. a4 0-0 19. Be3 c5 20. axb5 axb5 21. Qxb5 Rfb8 22. Qe2 cxb4 23. Qc4 Qc6 24. Qxc6 Bxc6 25. Rad1 Nb6 26. Rd6 Nd5 27. Rxc6 Nxe3 28. Re1 Nf5 29. Rc4 Ne7 30. Rd1 Nd5 31. Kf2 Rc8 32. Rxc8+ Rxc8 33. g3 Rc3 34. Rd2 h5 35. Rd3 Rc5 36. Ke1 Kf8 37. Bxd5 exd5 38. Kd2 Ke7 39. Rb3 Rc4 40. c3 bxc3+ 41. Rxc3 Ra4 42. Kd3 Ra2 43. Rc2 Ra4 44. Ke3 Kd7 45. Rc5 Ke6 46. Rc6+ Ke7 47. Rd6 Ra5 48. Kd4 Ra2 49. Kxd5 Rxh2 50. Ke4 Ra2 51. Kf3 Rb2 52. Rf6 Rb3+ 53. Kg2 Ra3 54. Kh3 Rb3 55. Kh4 Ra3 56. Rb6 Rd3 57. Ra6 Rb3 58. Ra7+ Ke6 59. Ra6+ Ke7 60. g4 hxg4 61. Kxg4 Rb1 62. Ra7+ Ke6 63. Ra6+ Ke7 64. Kh4 Rg1 65. Rf6 Rh1+ 66. Kg5 Rh5+ 67. Kg4 Rh1 1/2-1/2

[Event "HUN-chT2 Charousek 1819"]
[Site "Hungary"]
[Date "2018.09.23"]
[Round "1.8"]
[White "Takacs, Laszlo"]
[Black "Nemeth, Gergely"]
[Result "1-0"]
[WhiteElo "2244"]
[BlackElo "2097"]
[PlyCount "89"]
[EventDate "2018.09.23"]
[EventType "team-tourn"]
[EventRounds "11"]
[EventCountry "HUN"]
[SourceTitle "CBM 189 Extra"]
[Source "ChessBase"]
[SourceDate "2019.06.03"]
[SourceVersion "1"]
[SourceVersionDate "2019.06.03"]
[SourceQuality "1"]
[WhiteTeam "Gyor Szechenyi"]
[BlackTeam "Paks ASE II"]
[WhiteTeamCountry "HUN"]
[BlackTeamCountry "HUN"]

1. e4 e6 2. d4 d5 3. Nc3 Nf6 4. e5 Nfd7 5. Nce2 c5 6. c3 Nc6 7. Nf3 Be7 8. Nf4 Qb6 9. a3 0-0 10. Bd3 cxd4 11. cxd4 f6 12. Qc2 Nxd4 13. Bxh7+ Kh8 14. Nxd4 Qxd4 15. Ng6+ Kxh7 16. Nxf8+ Kg8 17. Nxd7 Bxd7 18. exf6 Rc8 19. Qe2 Qxf6 20. 0-0 e5 21. Bd2 Bd6 22. Rfc1 Bc6 23. b4 Rf8 24. b5 Bd7 25. Bb4 d4 26. Bxd6 Qxd6 27. Qc4+ Be6 28. Qc5 Rd8 29. Qxd6 Rxd6 30. f3 d3 31. Rd1 e4 32. fxe4 d2 33. Kf2 Rd3 34. h3 Bb3 35. Ke2 Bc4 36. Rab1 Kh7 37. Rb4 Rd4+ 38. Kf2 a5 39. Rb2 Rd3 40. Rdxd2 Rxa3 41. Rd7 a4 42. Rxb7 Rc3 43. Ra7 a3 44. Rb4 a2 45. b6 1-0

[Event "HUN-chT2 Charousek 1516"]
[Site "Hungary"]
[Date "2016.04.17"]
[Round "9.8"]
[White "Nemeth, Gergely"]
[Black "Czupor, Attila"]
[Result "0-1"]
[WhiteElo "2159"]
[BlackElo "2142"]
[PlyCount "50"]
[EventDate "2015.10.18"]
[EventType "team-tourn"]
[EventRounds "9"]
[EventCountry "HUN"]
[SourceTitle "EXT 2017"]
[Source "ChessBase"]
[SourceDate "2016.10.25"]
[SourceVersion "1"]
[SourceVersionDate "2016.10.25"]
[SourceQuality "1"]
[WhiteTeam "Paks ASE II"]
[BlackTeam "Haladas II"]
[WhiteTeamCountry "HUN"]
[BlackTeamCountry "HUN"]

1. e4 e5 2. Nf3 Nc6 3. d4 exd4 4. Bc4 Nf6 5. e5 Ng4 6. 0-0 Be7 7. Re1 d6 8. e6 Bxe6 9. Bxe6 fxe6 10. Nxd4 Nxd4 11. Qxd4 Nf6 12. Rxe6 Qd7 13. Re1 0-0 14. Nc3 d5 15. Bg5 c6 16. Qe3 Bb4 17. a3 Bxc3 18. bxc3 Rae8 19. Qxa7 Ne4 20. Be3 Nxc3 21. Qd4 Nb5 22. Qc5 Nd6 23. Qb4 Re4 24. Bd4 Rfe8 25. f3 c5 0-1

[Event "HUN-chT2 Charousek 1516"]
[Site "Hungary"]
[Date "2016.04.03"]
[Round "8.6"]
[White "Orso, Miklos"]
[Black "Nemeth, Gergely"]
[Result "1/2-1/2"]
[WhiteElo "2285"]
[BlackElo "2159"]
[PlyCount "77"]
[EventDate "2015.10.18"]
[EventType "team-tourn"]
[EventRounds "9"]
[EventCountry "HUN"]
[SourceTitle "EXT 2017"]
[Source "ChessBase"]
[SourceDate "2016.10.25"]
[SourceVersion "1"]
[SourceVersionDate "2016.10.25"]
[SourceQuality "1"]
[WhiteTeam "Aquaprofit II"]
[BlackTeam "Paks ASE II"]
[WhiteTeamCountry "HUN"]
[BlackTeamCountry "HUN"]

1. Nf3 Nf6 2. c4 e6 3. g3 Be7 4. Bg2 0-0 5. d4 d5 6. 0-0 Nbd7 7. b3 c6 8. Nc3 Ne4 9. Bb2 f5 10. Ne1 Ndf6 11. f3 Nxc3 12. Bxc3 b6 13. Nd3 Ba6 14. Ne5 Rc8 15. Rc1 Nd7 16. Bb2 Nxe5 17. dxe5 dxc4 18. Qc2 Bc5+ 19. Kh1 cxb3 20. axb3 Qe7 21. Rfd1 Rfd8 22. e4 fxe4 23. Qxe4 Rxd1+ 24. Rxd1 Rd8 25. Qc2 Rd7 26. f4 Qd8 27. Rxd7 Qxd7 28. Be4 g6 29. h4 Bb5 30. Kg2 Bb4 31. Bc1 c5 32. Bxg6 hxg6 33. Qxg6+ Kf8 34. Qh6+ Ke8 35. Qh8+ Kf7 36. Qh7+ Kf8 37. Qh8+ Ke7 38. Qf6+ Ke8 39. Qh8+ 1/2-1/2

[Event "HUN-chT2 Charousek 1516"]
[Site "Hungary"]
[Date "2016.02.28"]
[Round "6.8"]
[White "Marton, Jozsef"]
[Black "Nemeth, Gergely"]
[Result "0-1"]
[WhiteElo "2139"]
[BlackElo "2159"]
[PlyCount "92"]
[EventDate "2015.10.18"]
[EventType "team-tourn"]
[EventRounds "9"]
[EventCountry "HUN"]
[SourceTitle "EXT 2017"]
[Source "ChessBase"]
[SourceDate "2016.10.25"]
[SourceVersion "1"]
[SourceVersionDate "2016.10.25"]
[SourceQuality "1"]
[WhiteTeam "Tapolca Rockwool"]
[BlackTeam "Paks ASE II"]
[WhiteTeamCountry "HUN"]
[BlackTeamCountry "HUN"]

1. Nf3 Nf6 2. d4 e6 3. Bg5 Be7 4. e3 d5 5. Bd3 h6 6. Bh4 0-0 7. Nbd2 Nbd7 8. c3 b6 9. 0-0 Bb7 10. Ne5 Nxe5 11. dxe5 Nd7 12. Bxe7 Qxe7 13. f4 f6 14. exf6 Rxf6 15. Nf3 e5 16. fxe5 Nxe5 17. Nxe5 Rxf1+ 18. Qxf1 Qxe5 19. Qf4 Re8 20. Qxe5 Rxe5 21. Kf2 Rh5 22. Rh1 Kf7 23. Be2 Rf5+ 24. Bf3 g5 25. h3 c6 26. Rd1 Ba6 27. Kg3 Re5 28. Kf2 Rf5 29. Kg3 Re5 30. Kf2 Ke7 31. h4 Kf6 32. hxg5+ hxg5 33. Rh1 Kg7 34. Rd1 Kf6 35. Rh1 Kg7 36. Rd1 Bc8 37. Rd4 Be6 38. b4 Bf7 39. a3 Kf6 40. e4 c5 41. bxc5 bxc5 42. Ra4 dxe4 43. Bxe4 a5 44. Ke3 Bb3 45. Rxa5 Bc2 46. Ra6+ Ke7 0-1

[Event "HUN-chT2 Charousek 1516"]
[Site "Hungary"]
[Date "2015.12.06"]
[Round "4.7"]
[White "Nemeth, Gergely"]
[Black "Csiszar, Viktoria"]
[Result "1-0"]
[WhiteElo "2159"]
[BlackElo "2038"]
[PlyCount "62"]
[EventDate "2015.10.18"]
[EventType "team-tourn"]
[EventRounds "9"]
[EventCountry "HUN"]
[SourceTitle "CBM 170 Extra"]
[Source "ChessBase"]
[SourceDate "2016.02.25"]
[SourceVersion "1"]
[SourceVersionDate "2016.02.25"]
[SourceQuality "1"]
[WhiteTeam "Paks ASE II"]
[BlackTeam "Komlo"]
[WhiteTeamCountry "HUN"]
[BlackTeamCountry "HUN"]

1. e4 d6 2. d4 g6 3. f4 Bg7 4. Nf3 c6 5. Bd3 Bg4 6. c3 Qa5 7. 0-0 d5 8. e5 Nh6 9. Na3 0-0 10. h3 Bd7 11. g4 c5 12. f5 cxd4 13. cxd4 Nc6 14. f6 exf6 15. exf6 Bxf6 16. Bxh6 Nxd4 17. Bxf8 Rxf8 18. Nc2 Ne6 19. Qd2 Qc7 20. Qh2 Qb6+ 21. Qf2 d4 22. Qh2 Bc6 23. Ne5 Bg5 24. Nxc6 bxc6 25. Rad1 c5 26. b3 Nc7 27. h4 Bd8 28. Bc4 d3 29. Ne3 Ne8 30. Nd5 Qb7 31. Qg2 Qd7 1-0

[Event "Balatonalmadi Pannonia Cup 20th"]
[Site "Balatonalmadi"]
[Date "2015.08.02"]
[Round "7"]
[White "Kovacs, David"]
[Black "Nemeth, Gergely"]
[Result "1/2-1/2"]
[WhiteElo "2208"]
[BlackElo "2106"]
[PlyCount "84"]
[EventDate "2015.07.29"]
[EventType "swiss"]
[EventRounds "7"]
[EventCountry "HUN"]
[SourceTitle "EXT 2016"]
[Source "ChessBase"]
[SourceDate "2015.10.08"]
[SourceVersion "1"]
[SourceVersionDate "2015.10.08"]
[SourceQuality "1"]

1. d4 e6 2. Nf3 Nf6 3. c4 d5 4. Nc3 Be7 5. Bf4 c6 6. e3 Nbd7 7. Qc2 Nh5 8. Be5 f6 9. Bg3 Nxg3 10. hxg3 f5 11. cxd5 cxd5 12. Bd3 Nf6 13. Ne5 0-0 14. 0-0-0 Bd7 15. f3 Rc8 16. Qb3 Qa5 17. Nxd7 Nxd7 18. Kb1 Qb6 19. Nxd5 exd5 20. Qxd5+ Kh8 21. Qxd7 Bb4 22. Qb5 Qxb5 23. Bxb5 Bd6 24. g4 fxg4 25. Bd7 Rc4 26. Bxg4 Re8 27. e4 Bf4 28. Bf5 h6 29. Rhe1 Kg8 30. Re2 Kf7 31. e5 Rd8 32. Re4 g5 33. b3 Rb4 34. Kc2 Rb5 35. Kc3 Rxe5 36. Rxe5 Bxe5 37. Kc4 h5 38. d5 Ke7 39. Be6 Rf8 40. Rh1 h4 41. Re1 Kd6 42. Re4 Rf4 1/2-1/2

[Event "Balatonalmadi Pannonia Cup 20th"]
[Site "Balatonalmadi"]
[Date "2015.08.01"]
[Round "6"]
[White "Nemeth, Gergely"]
[Black "Szegi, Tamas"]
[Result "1-0"]
[WhiteElo "2106"]
[BlackElo "2182"]
[PlyCount "71"]
[EventDate "2015.07.29"]
[EventType "swiss"]
[EventRounds "7"]
[EventCountry "HUN"]
[SourceTitle "EXT 2016"]
[Source "ChessBase"]
[SourceDate "2015.10.08"]
[SourceVersion "1"]
[SourceVersionDate "2015.10.08"]
[SourceQuality "1"]

1. e4 d6 2. d4 Nd7 3. c4 g6 4. Nc3 Bg7 5. Be3 c5 6. d5 Ngf6 7. Bd3 Ne5 8. f3 e6 9. Nge2 0-0 10. 0-0 exd5 11. exd5 Re8 12. Bg5 h6 13. Bh4 g5 14. Bf2 Nh5 15. b3 g4 16. f4 Nf3+ 17. Kh1 Nd4 18. Nxd4 cxd4 19. Ne2 g3 20. hxg3 Bg4 21. Qd2 Re3 22. Bxe3 dxe3 23. Qxe3 Bxa1 24. Rxa1 Qe8 25. Qxe8+ Rxe8 26. Nd4 Re3 27. Bc2 Nxg3+ 28. Kh2 Nh5 29. Bf5 Nf6 30. Bxg4 Nxg4+ 31. Kg1 h5 32. Nf5 Re2 33. Kf1 Rf2+ 34. Kg1 Rxf4 35. Nxd6 Ne3 36. Re1 1-0

[Event "HUN-chT2 Charousek 1415"]
[Site "Hungary"]
[Date "2015.04.26"]
[Round "9"]
[White "Ladanyi, Zsolt"]
[Black "Nemeth, Gergely"]
[Result "1-0"]
[WhiteElo "2129"]
[BlackElo "2038"]
[PlyCount "73"]
[EventDate "2014.10.12"]
[EventType "team-tourn"]
[EventRounds "9"]
[EventCountry "HUN"]
[SourceTitle "EXT 2016"]
[Source "ChessBase"]
[SourceDate "2015.10.08"]
[SourceVersion "1"]
[SourceVersionDate "2015.10.08"]
[SourceQuality "1"]
[WhiteTeam "Aquaprofit II"]
[BlackTeam "Paks ASE II"]
[WhiteTeamCountry "HUN"]
[BlackTeamCountry "HUN"]

1. e4 e6 2. d4 d5 3. Nd2 c5 4. Ngf3 Nf6 5. exd5 Nxd5 6. Nb3 Nd7 7. c4 N5f6 8. Be2 Qc7 9. 0-0 a6 10. Re1 Bd6 11. a3 0-0 12. dxc5 Nxc5 13. Nxc5 Bxc5 14. b4 Be7 15. Bb2 a5 16. Be5 Qd7 17. Qb3 Qe8 18. Nd4 axb4 19. axb4 Rxa1 20. Rxa1 Nd7 21. Bg3 Bf6 22. Rd1 e5 23. Nb5 Qe6 24. h3 Bd8 25. Rd6 Qe7 26. c5 Nf6 27. Qe3 Ne8 28. Rd1 f6 29. Bc4+ Kh8 30. Re1 Be6 31. Bxe6 Qxe6 32. Qe4 Qa6 33. Nc3 Qc6 34. Qxc6 bxc6 35. f4 exf4 36. Bxf4 Kg8 37. Re6 1-0

[Event "HUN-chT2 Charousek 1415"]
[Site "Hungary"]
[Date "2015.03.22"]
[Round "8"]
[White "Nemeth, Gergely"]
[Black "Heiligermann, Gabor"]
[Result "1-0"]
[WhiteElo "2038"]
[BlackElo "2070"]
[PlyCount "35"]
[EventDate "2014.10.12"]
[EventType "team-tourn"]
[EventRounds "9"]
[EventCountry "HUN"]
[SourceTitle "EXT 2016"]
[Source "ChessBase"]
[SourceDate "2015.10.08"]
[SourceVersion "1"]
[SourceVersionDate "2015.10.08"]
[SourceQuality "1"]
[WhiteTeam "Paks ASE II"]
[BlackTeam "Tapolca"]
[WhiteTeamCountry "HUN"]
[BlackTeamCountry "HUN"]

1. e4 c5 2. Nf3 Nc6 3. d4 cxd4 4. Nxd4 Nf6 5. Nc3 e5 6. Ndb5 d6 7. Bg5 a6 8. Na3 Be6 9. Nc4 Rc8 10. Nd5 b5 11. Bxf6 gxf6 12. Nce3 Bg7 13. Bd3 Ne7 14. 0-0 f5 15. Nxe7 Qxe7 16. exf5 Bc4 17. Qg4 Bxd3 18. f6 1-0

[Event "HUN-chT2 Charousek 1415"]
[Site "Hungary"]
[Date "2015.02.08"]
[Round "6"]
[White "Nemeth, Gergely"]
[Black "Kiss, Lajos"]
[Result "0-1"]
[WhiteElo "2038"]
[BlackElo "2182"]
[PlyCount "80"]
[EventDate "2014.10.12"]
[EventType "team-tourn"]
[EventRounds "9"]
[EventCountry "HUN"]
[SourceTitle "EXT 2016"]
[Source "ChessBase"]
[SourceDate "2015.10.08"]
[SourceVersion "1"]
[SourceVersionDate "2015.10.08"]
[SourceQuality "1"]
[WhiteTeam "Paks ASE II"]
[BlackTeam "Decs"]
[WhiteTeamCountry "HUN"]
[BlackTeamCountry "HUN"]

1. e4 e6 2. d4 d5 3. Nc3 Bb4 4. e5 c5 5. Bd2 Ne7 6. Nb5 Bxd2+ 7. Qxd2 0-0 8. f4 Nd7 9. 0-0-0 Nc6 10. Nf3 a6 11. Nd6 f6 12. exf6 Qxf6 13. Nxc8 Raxc8 14. g3 Nxd4 15. Nxd4 cxd4 16. Qxd4 Rc6 17. Qxf6 Nxf6 18. Bg2 Rfc8 19. c3 b5 20. Kb1 g6 21. Rhe1 Kf7 22. a3 a5 23. Rd4 Rb6 24. Bh3 Rcb8 25. g4 Re8 26. a4 h6 27. g5 hxg5 28. fxg5 Ne4 29. Bg2 Nxg5 30. Bxd5 Rh8 31. Rf4+ Kg7 32. Rg4 exd5 33. Rxg5 Rxh2 34. Rxd5 bxa4 35. Rxa5 Rbxb2+ 36. Ka1 Ra2+ 37. Kb1 a3 38. Re7+ Kh6 39. Rb7 Raf2 40. Ka1 a2 0-1

[Event "HUN-chT2 Charousek 1415"]
[Site "Hungary"]
[Date "2014.10.12"]
[Round "1"]
[White "Nemeth, Gergely"]
[Black "Vida, Daniel"]
[Result "1-0"]
[WhiteElo "2038"]
[BlackElo "2042"]
[PlyCount "89"]
[EventDate "2014.10.12"]
[EventType "team-tourn"]
[EventRounds "9"]
[EventCountry "HUN"]
[SourceTitle "EXT 2016"]
[Source "ChessBase"]
[SourceDate "2015.10.08"]
[SourceVersion "1"]
[SourceVersionDate "2015.10.08"]
[SourceQuality "1"]
[WhiteTeam "Paks ASE II"]
[BlackTeam "Biatorbagy"]
[WhiteTeamCountry "HUN"]
[BlackTeamCountry "HUN"]

1. e4 d5 2. exd5 Qxd5 3. Nc3 Qa5 4. Bc4 Nf6 5. d3 Bf5 6. Nge2 e6 7. Ng3 Bd6 8. Bb5+ c6 9. Nxf5 exf5 10. Bc4 0-0 11. 0-0 Qe5 12. g3 Qe7 13. Qf3 g6 14. Bg5 Nbd7 15. d4 Rfe8 16. a4 Kg7 17. Rad1 h6 18. Bd2 Nb6 19. Bb3 Ne4 20. Nxe4 Qxe4 21. Qxe4 fxe4 22. c4 Be7 23. a5 Nd7 24. Bc3 Bf6 25. Rfe1 c5 26. Ba4 Red8 27. Bxd7 Rxd7 28. Rxe4 cxd4 29. Bxd4 Rad8 30. Bxf6+ Kxf6 31. Rxd7 Rxd7 32. Kg2 Rd2 33. b4 Rb2 34. c5 Rd2 35. Kf3 Rd5 36. Ke3 g5 37. Rd4 Ke6 38. f3 f5 39. Rxd5 Kxd5 40. Kd3 h5 41. h4 gxh4 42. gxh4 Ke5 43. b5 Kd5 44. c6 bxc6 45. b6 1-0

[Event "Gyor op-A 5th"]
[Site "Gyor"]
[Date "2014.07.13"]
[Round "9"]
[White "Nemeth, Gergely"]
[Black "Vertetics, Attila"]
[Result "1/2-1/2"]
[WhiteElo "2107"]
[BlackElo "2416"]
[PlyCount "27"]
[EventDate "2014.07.09"]
[EventType "swiss"]
[EventRounds "9"]
[EventCountry "HUN"]
[SourceTitle "EXT 2016"]
[Source "ChessBase"]
[SourceDate "2015.10.08"]
[SourceVersion "1"]
[SourceVersionDate "2015.10.08"]
[SourceQuality "1"]

1. e4 c6 2. Nc3 d5 3. Nf3 Bg4 4. h3 Bxf3 5. Qxf3 Nf6 6. d4 e6 7. Bd3 dxe4 8. Nxe4 Nbd7 9. c3 Nxe4 10. Bxe4 Nf6 11. Bc2 Be7 12. Qg3 Qd5 13. 0-0 0-0 14. b4 1/2-1/2

[Event "Gyor op-A 5th"]
[Site "Gyor"]
[Date "2014.07.11"]
[Round "5"]
[White "Molnar, Erno"]
[Black "Nemeth, Gergely"]
[Result "0-1"]
[WhiteElo "1958"]
[BlackElo "2107"]
[PlyCount "142"]
[EventDate "2014.07.09"]
[EventType "swiss"]
[EventRounds "9"]
[EventCountry "HUN"]
[SourceTitle "EXT 2016"]
[Source "ChessBase"]
[SourceDate "2015.10.08"]
[SourceVersion "1"]
[SourceVersionDate "2015.10.08"]
[SourceQuality "1"]

1. e4 e6 2. d4 d5 3. Nc3 Nf6 4. Bg5 Be7 5. e5 Nfd7 6. Bxe7 Qxe7 7. f4 a6 8. Nf3 c5 9. Qd2 Nc6 10. dxc5 Qxc5 11. Bd3 b5 12. Qf2 Qxf2+ 13. Kxf2 Nc5 14. Ke3 Bd7 15. Ne2 0-0 16. Ned4 Na4 17. Nxc6 Bxc6 18. Nd4 Bd7 19. Rab1 Nc5 20. Rhe1 Ra7 21. g3 Rb8 22. Kd2 a5 23. Rbc1 Kf8 24. Re2 Ke7 25. Rce1 b4 26. Rb1 a4 27. Ree1 h6 28. Rg1 Raa8 29. h4 h5 30. Rge1 Rb6 31. Rg1 Rh8 32. Rbc1 Rbb8 33. Rge1 Rhc8 34. Rg1 Rh8 35. Rge1 f5 36. Rg1 g6 37. Ke3 Rhc8 38. Rb1 Rc7 39. Rbc1 a3 40. b3 Ne4 41. Ra1 Nc3 42. Kd2 Rc5 43. Rh1 Be8 44. Rhg1 Rbc8 45. Rg2 Bd7 46. Rgg1 Kd8 47. Ke3 Kc7 48. Kd2 Kb6 49. Ke3 Kc7 50. Kd2 Kd8 51. Ke3 Ke7 52. Kd2 R8c7 53. Ke3 Rb7 54. Kd2 Rb8 55. Ke3 Bb5 56. Nxb5 Nxb5 57. Bxb5 Rbxb5 58. Kd2 Rc3 59. Rac1 Rbc5 60. Rg2 Kd7 61. Rgg1 Kc6 62. Rg2 Rf3 63. Rcg1 Rcc3 64. Kd1 Kc5 65. Kc1 Kd4 66. Kd1 Ke4 67. Kc1 Rfe3 68. Kd1 Kf3 69. Rd2 Re4 70. Rd3+ Rxd3+ 71. cxd3 Re2 0-1

[Event "Gyor op-A 5th"]
[Site "Gyor"]
[Date "2014.07.09"]
[Round "1"]
[White "Csuta, Akos Koppany"]
[Black "Nemeth, Gergely"]
[Result "0-1"]
[WhiteElo "1814"]
[BlackElo "2107"]
[PlyCount "92"]
[EventDate "2014.07.09"]
[EventType "swiss"]
[EventRounds "9"]
[EventCountry "HUN"]
[SourceTitle "EXT 2016"]
[Source "ChessBase"]
[SourceDate "2015.10.08"]
[SourceVersion "1"]
[SourceVersionDate "2015.10.08"]
[SourceQuality "1"]

1. e4 e6 2. d4 d5 3. Nd2 c5 4. exd5 Qxd5 5. Ngf3 Nf6 6. Bc4 Qd7 7. 0-0 cxd4 8. Nb3 Qc7 9. Qe2 Nc6 10. Nbxd4 a6 11. Re1 Nxd4 12. Nxd4 Bc5 13. Be3 0-0 14. c3 e5 15. Nc2 e4 16. Bxc5 Qxc5 17. Ne3 b5 18. Bb3 Bb7 19. Rad1 Qg5 20. Rd4 Rad8 21. Red1 Rxd4 22. cxd4 Rd8 23. Qc2 Rc8 24. Qd2 Nd5 25. Nxd5 Qxd2 26. Rxd2 Bxd5 27. Kf1 Bxb3 28. axb3 Kf8 29. Ke2 Ke7 30. Ke3 f5 31. g4 fxg4 32. Kxe4 Rf8 33. Kd5 Kd7 34. Kc5 Rf3 35. Kb6 Rxb3 36. Rc2 Kd6 37. Rc6+ Kd5 38. Rc7 Kxd4 39. Rxg7 h5 40. Rg5 Rxb2 41. Kxa6 Rxf2 42. Rxh5 b4 43. Rh4 b3 44. Rxg4+ Kc3 45. Kb5 b2 46. Rc4+ Kd2 0-1